| 000 | 01415nam a22003137a 4500 | ||
|---|---|---|---|
| 005 | 20080918163843.0 | ||
| 008 | 080918t xxu||||| |||| 00| 0 hin d | ||
| 010 | _aHIN-92633 | ||
| 020 |
_a9788188494637 _c200.00 |
||
| 035 | _aHN-64979 | ||
| 037 | _bDBAD / PUB | ||
| 040 |
_aDPL _bHN |
||
| 082 | _a821 | ||
| 100 |
_9747 _aघोष, श्यामसुन्दर |
||
| 245 |
_aगीत पूर्वार्द्ध / _cश्यामसुन्दर घोष |
||
| 246 |
_aGeet purvardha _bby Shyam Sunder Ghosh |
||
| 260 |
_aइलाहाबाद _bउमेश प्रकाशन _c2010 |
||
| 270 |
_a100, लूकरगंज _bइलाहाबाद |
||
| 300 |
_a144पृ. _c22सेमी (सजिल्द) |
||
| 650 |
_9697 _aहिन्दी कविता |
||
| 650 |
_9698 _aHindi Poetry |
||
| 700 | _927881 | ||
| 700 | _927882 | ||
| 700 | _927883 | ||
| 942 |
_2ddc _cHN _mघोषश्या _h821 |
||
| 999 |
_c52229 _d52229 |
||